000
00296nam a2200121 a 4500
005
20140414132054.0
008
110714s19uu xx 00 eng d
050
_a
ER
_b
F687 1968
100
_a
Dr.Seuss
245
_a
The foot book.
260
_a
New York :
_b
Random House,
_c
1968.
999
_c
114262
_d
114262